Super Smash Bros. Fan Roster V1 Remake - Statistics

General Stats
  • This quiz has been taken 65 times
  • The average score is 86 of 110
Answer Stats
Series Original Game Description Number Answer % Correct
Super Mario Bros. Super Mario Bros. The main antagonist of the Super Mario series. He always kidnaps Peach and tries to marry her. 5 Bowser
100%
Super Mario Bros. Super Mario Land The princess of Sarasa land. She is more competitive then Peach but can't seem to get out of the Echo Fighter spot. 4 Daisy
100%
Super Mario Bros. Mario Bros. The 2nd player of most if not all main series Super Mario games. He also jumps higher then his brother Mario. 2 Luigi
100%
Super Mario Bros. Donkey Kong The mascot of Nintendo. No-one doesn't know this character. The character jumps around and collects coins and mushrooms. 1 Mario
100%
Super Mario Bros. Super Mario Bros. The kidnapped damsel in distress that makes it into every main title Mario game and actually had her own spin-off game. 3 Peach
100%
Super Mario Bros. Super Mario Sunshine Bowser's most loved son because the Koopalings don't get the love he gets. At least they got in as costumes for this character. 6 Bowser Jr.
98%
Donkey Kong Donkey Kong Country This little guy is Donkey Kong's best friend. He has appeared by his side since the original Donkey Kong Country. He even starred as his own main character in Donkey Kong Country 2. 17 Diddy Kong
92%
Donkey Kong Donkey Kong Country Character #2 in Smash Ultimate. This giant ape has appeared in his own series with his partners Diddy Kong and Dixie Kong. 16 Donkey Kong
92%
Super Mario Bros. Super Mario Bros. The main inhabitant of the Mushroom Kingdom. This character has appeared as a playable character in Mario Bros. 2 and New Super Mario Bros. Wii, Wii U, and the Switch port of the Wii U one. 10 Toad
92%
Yoshi Super Mario World Mario's pet and companion, this character has a giant appitite and when it eats certain colored Koopas, it will be given special abilities. This character also appeared in his own spin-off series. 13 Yoshi
92%
Street Fighter Street Fighter This is the clone of Ryu and is also the original clone. 98 Ken
90%
Donkey Kong` Donkey Kong Country The main villain of the original Donkey Kong Country games. He is not just a king because he is also a mad scientist and a pirate. 19 King K. Rool
90%
Super Mario Bros. Super Mario Galaxy This pair are both originally from the original Mario Galaxy and are both some of the best characters in Mario Galaxy. 1 of the 2 is my favorite princess and the 2nd is the cutest star in the Mario Galaxy. 7 Rosalina and Luma
90%
Super Mario Bros. Mario Kart:Double Dash!! The female version of Toad. She is mostly seen in spin-offs like Mario Kart and Mario Party but she is starting to appear in main series titles like Super Mario Oddysey. 11 Toadette
90%
Warioware Super Mario Land 2:6 Golden Coins This character is the most greedy and disgusting man in the universe. He can turn into Wario Man with garlic and he can beat anyone up. 20 Wario
90%
Super Mario Bros. Dr. Mario The playable character of Dr. Mario. He loves to throw pills to kill the viruses. 12 Dr. Mario
88%
Super Mario Bros. Super Mario Bros. A classic enemy from the original Mario Bros. This enemy has been a staple in Mario history appearing in every game with the Goomba, Koopa, Lakitu, Cheep Cheep, etc. 8 Piranha Plant
88%
Donkey Kong Donkey Kong Country 2:Diddy's Kong Quest This girl is a friend of Diddy's that helps him save Donkey Kong from the evil King K Rool. She also appeared as her own main character in Donkey Kong Country 3. 18 Dixie Kong
86%
Yoshi Super Mario World 2:Yoshi's Island The magikoopa that takes care of Baby Bowser in the Yoshi's Island series. This magikoopa is the most beloved magikoopa of all and also shows up in Mario & Luigi partners in time. 14 Kamek
86%
Kirby Kirby's Dream Land The main character of Kirby. 31 Kirby
86%
The Legend of Zelda The Legend of Zelda The playable character in the Legend of Zelda series. He has an aray of items to help him on his quest to save Princess Zelda. 22 Link
86%
Star Fox Star Fox The main character of the Star Fox series. 35 Fox
84%
The Legend of Zelda The Legend of Zelda:Ocarina of Time The main villain of the Zelda series. He always finds a way to become the big bad in each game. 24 Ganondorf
84%
Kirby Kirby's Dream Land The main villain turned anti-hero that helps Kirby now and is only a boss when he is controlled by evil villains. 32 King Dedede
84%
Kirby Kirby's Adventure An anti-hero and the body guard for King Dedede. He wears a mask so people can tell him and Kirby apart. 33 Meta Knight
84%
The Legend of Zelda The Legend of Zelda The princess of Hyrule who always gets kidnapped by the big bad but at the end always finds away to become the hero. 23 Zelda
84%
Yoshi Super Mario World 2:Yoshi's Island This team of 2 go on adventure with the help of Yoshi in the Yoshi's Island series. The duo are also babies and they are brothers. 15 Baby Mario and Baby Luigi
82%
Star Fox Star Fox Fox's best friend and has always been with Fox since Melee. 36 Falco
82%
R.O.B. Mario Kart DS His first playable appearance was in Mario Kart DS. Other than that he is a toy. 85 R.O.B.
82%
Metroid Metroid The main character of Metroid. 39 Samus
82%
The Legend of Zelda The Legend of Zelda:Ocarina of Time A ninja from the Sheika tribe that helps Link in Ocarina of Time and she is actually Zelda. 25 Sheik
82%
The Legend of Zelda The Legend of Zelda:The Wind Waker The playable character in Wind Waker who goes on an adventure to rescue his sister. 27 Toon Link
82%
Star Fox Star Fox 64 The main villain of the Star Fox games. He is a wolf. 37 Wolf
82%
The Legend of Zelda The Legend of Zelda:Ocarina of Time The playable character in some Zelda games like Ocarina of Time and Majora's Mask. It is the younger version of Link or child Link as he is also called. 26 Young Link
82%
Metroid Metroid Prime 2:Echos Samus but without her suit. 40 Zero Suit Samus
82%
Pokemon Pokemon Red and Blue The first of the 3 pokemon in Pokemon Trainer's arsenal. It is the fire/flying pokemon starter of gen 1. 51 Charizard
80%
Final Fantasy Final Fantasy VII This character uses his buster blade to attack his foes. 102 Cloud
80%
Metroid Metroid Prime The dark version of Samus. 42 Dark Samus
80%
Sonic the Hedgehog Sonic the Hedgehog The main villain of the Sonic the Hedgehog franchise. He traps all the animals in robots and containment units. 90 Dr. Egg Man
80%
Pokemon Pokemon Sun and Moon The final evolution of Litten. 54 Incineroar
80%
Pokemon Pokemon Red and Blue The pokemon no one ever picks but the evolve form. It is the 2nd pokemon of Pokemon Trainer's arsenal. 50 Ivysaur
80%
Game and Watch Game and Watch The first retro fighter. he had his own hand held games. 84 Mr. Game and Watch
80%
Pikmin Pikmin The main character of Pikmin 1 and 2. He controls Pikmin and attacks creatures and recovers ship parts and random junk to sell. 77 Olimar
80%
Pokemon Pokemon Red and Blue The starter in Pokemon Yellow. It has a heart shaped tail if it is a girl. 45 Pikachu
80%
Street Fighter Street Fighter This is the main character of the game. He loves to shoyuken. 97 Ryu
80%
Metal Gear Solid Metal Gear Solid The main protagonist of Metal Gear. He was cut from Smash in the 4th installment but was brought back in Ultimate. 91 Snake
80%
Sonic the Hedgehog Sonic the Hedgehog The main protagonist of the Sonic the Hedgehog franchise. He can turn into a werehog at night. 89 Sonic
80%
Pokemon Pokemon Red & Blue The 3rd pokemon in Pokemon Trainer. It is the gen 1 water pre evolve starter. 49 Squirtle
80%
Duck Hunt Duck Hunt This trio of dog, duck and gun has been in Smash since 4. 87 Duck Hunt
78%
Pokemon Pokemon X and Y The final evolution of Froakie. 53 Greninja
78%
Ice Climbers Ice Climbers This duo of mountain climbers climb ice for a living. 86 Ice Climbers
78%
Fire Emblem Fire Emblem:Path of Radience The only character that is only a swordsmen that isn't a clone of Marth in someway. 61 Ike
78%
Pokemon Pokemon Diamond and Pearl The only generation 4 pokemon on the list. It has a mega evolution and is given as a gift in X and Y. 52 Lucario
78%
EarthBound Mother 3 The main character of Mother 3. He is blond and has a snake friend. 58 Lucas
78%
Fire Emblem Fire Emblem Awakening Marth in disguise. 65 Lucina
78%
Fire Emblem Fire Emblem:Shadow Dragon and the Blade of Light The most important character in the Fire Emblem series. Every other Fire Emblem character is basically a clone of him. 60 Marth
78%
Mega Man Mega Man The main protagonist of the Mega Man franchise. He is able to take the powers of anyone he kills. 92 Mega Man
78%
Pokemon Pokemon Red and Blue The genetically created pokemon and the final "boss" of Pokemon Red and Blue. It's recommended to catch it with the master ball you get. 48 Mewtwo
78%
EarthBound EarthBound The main character of Earthbound. He uses pk attacks to kill enemies. 57 Ness
78%
Pokemon Pokemon Gold and Silver The pre evolved form of Pikachu. It evolves to Pikachu with friendship. 46 Pichu
78%
Metroid Metroid The main villain of Metroid. He is a purple dragon. 41 Ridley
78%
Fire Emblem Fire Emblem:The Binding Blade The main character of Fire Emblem Binding Blade. He uses fire and is the son of Eliwood. 62 Roy
78%
Xenoblade Chronicles Xenoblade Chronicles The main character of the original game. 78 Shulk
78%
The Legend of Zelda The Legend of Zelda:Majora's Mask The main villain in Majora's Mask who has a tragic backstory. He wears a mask that gives him magic powers. 29 Skull Kid
78%
Warioware Warioware Touched! The main female character in the Warioware series. She and her best friend Red the devil are ready to help Wario with whatever problem he got himself into this time. 21 Ashley
76%
Bayonetta Bayonetta Most overpowered character from Smash Bros 4. 100 Bayonetta
76%
Fire Emblem Fire Emblem Awakening Lucina's dad and a protagonist of Fire Emblem Awakening. He has the same recovery as Ike but the same other special moves as Marth. 63 Chrom
76%
Fire Emblem Fire Emblem Fates The avatar character from Fire Emblem Awakening. He/she is also a magician. 66 Corrin
76%
Kid Icarus Kid Icarus Uprising The evil angel clone of Pit. 69 Dark Pit
76%
Splatoon Splatoon The playable character in Splatoon. it can be a boy or a girl. 75 Inkling
76%
Punch Out!! Punch Out!! The playable fighter in Punch Out. 73 Little Mac
76%
Pac-Man Pac-Man The main protagonist of the arcade game known as Pac-man where you control him and move him around the maze to try and eat all the pellets. 94 Pac-Man
76%
Kid Icarus Kid Icarus The angel that helps save Palutena. 68 Pit
76%
Fire Emblem Fire Emblem Awakening The avatar character from Fire Emblem Awakening. He/she is also a magician. 64 Robin
76%
Animal Crossing Animal Crossing The avatar in the Animal Crossing games. 71 Villager
76%
Wii Fit Wii Fit This character is the trainer in the Wii Fit game. 83 Wii Fit Trainer
76%
F-Zero F-Zero The protagonist of F-zero. 43 Captain Falcon
75%
Super Smash Bros. Super Smash Bros. Melee The twin brother of the hand before that appears as a 2nd hand in some of the newer games. 107 Crazy Hand
75%
Animal Crossing Animal Crossing:City Folk She is the mayor in City Folk and becomes the assistant in New Leaf. 72 Isabelle
75%
Super Smash Bros. Super Smash Bros. The main boss appearing at the end of classic mode. 106 Master Hand
75%
Mii Mii This Mii uses his fists to fight. 108 Mii Brawler
75%
Mii Mii This Mii uses a gun to fight. 110 Mii Gunner
75%
Mii Mii This Mii uses a sword to fight. 109 Mii Swordfighter
75%
Kid Icarus Kid Icarus The godess that helps Pit in Uprising and is saved by Pit in the original. 70 Palutena
75%
Super Mario Bros. Luigi's Mansion The professor that gave Luigi the poltergeist in Luigi's Mansion. He also has the best ringtone in the entire Mario series. 9 Professor E. Gadd
75%
Castlevania Castlevania III The brother of Simon Belmont and appeared in Smash Ultimate. 96 Richter Belmont
75%
Castlevania Castlevania The main protagonist of Castlevania. He has to take down the vampires. 95 Simon Belmont
75%
Crash Bandicoot Crash Bandicoot This character has to save his sister from the evil mad scientist and is the main character of his game. 105 Crash Bandicoot
73%
Mega Man Mega Man The main villain of the Mega Man franchise. He created robots to kill Mega Man. 93 Dr. Wily
73%
Pokemon Pokemon Red and Blue The last unlockable fighter of Smash Bros N64. 47 Jigglypuff
73%
Persona Persona V This character was revealed as first DLC for Smash Ultimate. 104 Joker
73%
Arms Arms The main male character of Arms. 76 Spring Man
73%
Spyro Spyro This character flies around and shoots fireballs out of his mouth. 101 Spyro
73%
Kirby Kirby Super Star Ultra The main enemy but with a spear and a bandana on his head. He is a good guy in most games. 34 Bandana Waddle Dee
71%
Bomber-Man Bomber-Man This character puts down bombs to hopefully blast its opponent. 103 Bomber-Man
71%
Excite Bike Excite Bike This biker bikes around a race track with other bikers. 88 Excite Bike
71%
The Legend of Zelda The Legend of Zelda Another warrior from the Sheika tribe helping Zelda as a body guard in some games and also as a mentor in other games. 28 Impa
71%
Star Fox Star Fox Adventures The most unique Star Fox character. She appeared as an assist trophy in Smash Ultimate. 38 Krystal
71%
Chibbi Robo Chibbi Robo The most deserving character for Smash. He has had 4 games and is basically a walking robot. His latest game was only bought for the amiibo. 81 Chibbi Robo
69%
Ace Attorney Phoenix Wright:Ace Attorney Main character of his game. He defends innocent people with his side kicks Maya and Pearl Fey. 99 Phoenix Wright
69%
Golden Sun Golden Sun The blond boy that was an assist trophy in Smash Ultimate. 80 Isaac
67%
Xenoblade Chronicles Xenoblade Chronicles 2 This duo are the main characters of Xenoblade Chronicles 2. 79 Rex and Pyra
67%
Punch Out!! Punch Out!! The most useless character and easiest boss in Punch Out. 74 Glass Joe
63%
EarthBound Mother The main character of the original Mother game. 59 Ninten
63%
The Legend of Zelda The Legend of Zelda:Skyward Sword The main villain in Skyward Sword who kidnaps Zelda in the game. He is also an assist trophy in Smash 4 and Ultimate. 30 Ghirahim
59%
Pokemon Pokemon Ruby and Saphire The final evolution of Treeko. 55 Sceptile
59%
Rhythm Heaven Rhythm Heaven This character does karate and breaks wood in his original game. 82 Karate Joe
53%
F-Zero F-Zero The main villain of F-zero. 44 Samurai Goroh
39%
Pokemon Pokemon Black and White The main dark type from Generation 5. 56 Zoruark
10%
Fire Emblem Fire Emblem Fates A skilled ninja that helps capture Corrin and bring her back to her real family in Fates. 67 Saizo
8%
No matching quizzes found
Score Distribution
Percent of People with Each Score
Percentile by Number Answered
Your Score History
You have not taken this quiz